000
00248nam a22000857a 4500
008
160630b xxu||||| |||| 00| 0 eng d
100
_9
1585
_a
Aggarwal, M.L
245
_a
Hints and Solutions Mathematics - XI
260
_a
New Delhi
_b
Arya Publication
_c
2005
999
_c
1311
_d
1311